000 00717nam a22002177a 4500
003 OSt
005 20211105025505.0
008 161101b xxu||||| |||| 00| 0 eng d
020 _a0471238007
040 _aMMU
_cMMU
_dMMU
_beng
050 0 0 _aGB54.5
_b.S77 2003
100 1 _aStrahler, Alan H.
245 1 0 _aIntroducing physical geography /
_cAlan Strahler, Arthur Strahler.
250 _a3rd ed.
260 _a[New York] :
_bJ. Wiley,
_cc2003.
300 _axix, 684 p. :
_bill. (some col.), col. maps ;
_c28 cm. +
_e1 CD-ROM (4 3/4 in.)
500 _aIncludes bibliographical references and index.
650 0 _aPhysical geography.
700 1 _aStrahler, Arthur Newell,
_d1918-
942 _2lcc
_cLOAN LOAN
_e3rd ed.
999 _c19763
_d19763